Darius Milhaud

Saved in:
Bibliografiske detaljer
Hovedforfatter: Roy, Jean (Author)
Format: Bog
Sprog:fransk
Udgivet: París Seghers 1968
Serier:Musiciens de Tous les Temps
Fag:
Tags: Tilføj Tag
Ingen Tags, Vær først til at tagge denne postø!

MARC

LEADER 00000nam a2200000 a 4500
001 UCN2129
003 CL-VaPUC
008 010511e19680000FR |||||||||||||||||fre|d
082 0 4 |a 780.92  |b ROY  |2 21 
100 0 |a Roy, Jean  |e author  |9 457754 
245 1 0 |a Darius Milhaud 
300 |a 185 p 
942 |c BK 
945 |d 20010511 00:00:00  |a crobeson 
260 |a París  |b Seghers  |c 1968 
600 0 7 |a MILHAUD, DARIUS  |2 CL-VaPUC  |9 457755 
650 0 |a Compositores franceses  |9 328980 
650 0 |a Música, siglo 20  |9 324961 
583 |a last modification  |c 20010511 00:00:00  |k Rodrigo Vera 
490 0 |a Musiciens de Tous les Temps 
999 |c 295286  |d 295284 
952 |0 0  |1 0  |4 0  |6 780_920000000000000_ROY_1968  |7 0  |8 A  |9 348263  |a BIBEDU  |b BIBEDU  |d 2019-11-20  |i 1181351  |o 780.92 ROY 1968  |p 1181351  |r 2023-01-12  |w 2019-11-20  |y BK  |k MUS